000 00683nam a2200253Ia 4500
003 OSt
005 20220918174718.0
006 a|||||r|||| 00| 0
007 ta
008 220917b |||||||| |||| 00| 0 eng d
024 _a13,764
037 _cTextual
040 _aARTS
_cARTS
_beng
041 _2eng
_aeng
082 _aNR55xM33:g, L2
100 _aJames Burnett
_951473
245 0 _aBrahms
_b A critical study
260 _aLondon
_bJ M Dent & Sons UK
_c1972
300 _axiii,202p. illus
_ccm.
500 _aAppendix 185-88; Bibliography 189-92
650 _aARTS
942 _hNR55xM33:g, L2
_cTEXL
_2CC
999 _c154369
_d154369